000 00424nam a2200157Ia 4500
008 230917s9999||||xx |||||||||||||| ||und||
040 _e55169
_aMAIN
041 _aEnglish
082 _a350.10954 C399P
100 _aChawla, Bhagatjit Singh
245 4 _aThe Punjab civil services rule: a commentary on volume v, 1, 2 & 3
250 _a3rd ed.
260 _aChandigarh
_bChawla
_c2001
300 _a839 p.
942 _cBK
999 _c108559
_d108559